<?xml version="1.0" encoding="UTF-8"?>
<record
    xmlns:xsi="http://www.w3.org/2001/XMLSchema-instance"
    xsi:schemaLocation="http://www.loc.gov/MARC21/slim http://www.loc.gov/standards/marcxml/schema/MARC21slim.xsd"
    xmlns="http://www.loc.gov/MARC21/slim">

  <leader>00660nam a22002177a 4500</leader>
  <controlfield tag="003">0</controlfield>
  <controlfield tag="005">20250324101451.0</controlfield>
  <controlfield tag="008">250324b        xxu||||| |||| 00| 0 eng d</controlfield>
  <datafield tag="020" ind1=" " ind2=" ">
    <subfield code="a">978-1-265-05156-3</subfield>
  </datafield>
  <datafield tag="050" ind1=" " ind2=" ">
    <subfield code="a">HF 5635 </subfield>
    <subfield code="b">.M355 2023</subfield>
  </datafield>
  <datafield tag="100" ind1=" " ind2=" ">
    <subfield code="a">Marshall, David E. </subfield>
  </datafield>
  <datafield tag="245" ind1=" " ind2=" ">
    <subfield code="a">Accounting: </subfield>
    <subfield code="b">what the numbers mean </subfield>
    <subfield code="c">David H. Marshall and two others </subfield>
  </datafield>
  <datafield tag="250" ind1=" " ind2=" ">
    <subfield code="a">Thirteenth edition </subfield>
  </datafield>
  <datafield tag="260" ind1=" " ind2=" ">
    <subfield code="a">New York City</subfield>
    <subfield code="b">McGraw-Hill LLC</subfield>
    <subfield code="c">2023</subfield>
  </datafield>
  <datafield tag="300" ind1=" " ind2=" ">
    <subfield code="a">xvii, 701 pages :</subfield>
    <subfield code="b">colored illustrations ;</subfield>
    <subfield code="c"> 26cm. </subfield>
  </datafield>
  <datafield tag="504" ind1=" " ind2=" ">
    <subfield code="a">Includes index. </subfield>
  </datafield>
  <datafield tag="650" ind1=" " ind2=" ">
    <subfield code="a">Accounting. </subfield>
  </datafield>
  <datafield tag="700" ind1=" " ind2=" ">
    <subfield code="a">McManus, Wayne W. </subfield>
  </datafield>
  <datafield tag="700" ind1=" " ind2=" ">
    <subfield code="a">Viele, Daniel F. </subfield>
  </datafield>
  <datafield tag="942" ind1=" " ind2=" ">
    <subfield code="2">lcc</subfield>
    <subfield code="c">BK</subfield>
  </datafield>
  <datafield tag="999" ind1=" " ind2=" ">
    <subfield code="c">367316</subfield>
    <subfield code="d">367316</subfield>
  </datafield>
  <datafield tag="952" ind1=" " ind2=" ">
    <subfield code="0">0</subfield>
    <subfield code="1">0</subfield>
    <subfield code="2">lcc</subfield>
    <subfield code="4">0</subfield>
    <subfield code="a">CL</subfield>
    <subfield code="b">CL</subfield>
    <subfield code="c">RES</subfield>
    <subfield code="d">2025-03-24</subfield>
    <subfield code="e">Library Fund</subfield>
    <subfield code="k">RES</subfield>
    <subfield code="l">0</subfield>
    <subfield code="o">HF 5635  .M355 2023</subfield>
    <subfield code="p">C24261</subfield>
    <subfield code="r">2025-03-24 00:00:00</subfield>
    <subfield code="w">2025-03-24</subfield>
    <subfield code="y">BK</subfield>
  </datafield>
</record>
